Dimensión política de los derechos humanos de la niñez y la adolescencia: notas para la construcción de una modesta utopía /

Uloženo v:
Podrobná bibliografie
Hlavní autor: García Méndez, Emilio
Médium: Text
Témata:
Tagy: Přidat tag
Žádné tagy, Buďte první, kdo vytvoří štítek k tomuto záznamu!

MARC

LEADER 00000 a a2200000 04500
001 8201
003
040
100 |a García Méndez, Emilio  
245 |a Dimensión política de los derechos humanos de la niñez y la adolescencia: notas para la construcción de una modesta utopía /  |c Emilio García Méndez 
650 |a NIÑOS  
650 |a ADOLESCENTES  
650 |a POLITICA  
650 |a DERECHOS HUMANOS  
773 |g volumen 5, número 2; páginas 34-39  
999 |c 39676  |d 39676